000
00222nam a22000857a 4500
999
_c
11554
_d
11554
008
190618b ||||| |||| 00| 0 eng d
100
_a
Jackson .D & N
_9
7263
245
_a
Hero tales - Volume -1
260
_a
U S A
_b
Bethany
_c
1996